| 000 | 00879nam a2200229Ia 4500 | ||
|---|---|---|---|
| 999 |
_c36290 _d36290 |
||
| 001 | 2197 | ||
| 003 | GE_BSU | ||
| 005 | 20221021103816.0 | ||
| 008 | 181216s1997ru xx |||||||||||||| ||rus|| | ||
| 020 | _a5735701789 | ||
| 040 | _cGE_BSU | ||
| 041 | _arus | ||
| 080 | _a340.1 О-75 | ||
| 245 |
_aОсновы государства и права : _bУчебное пособие для пост. в юрид.вузы / _cПод ред.О.Е.Кутафина |
||
| 250 | _aИзд. 5-е.перер. и доп. | ||
| 264 |
_aМосква : _bЮристь, _c1997. |
||
| 300 |
_a342 стр.: _b 20см. |
||
| 653 | _aОсновы государства и права | ||
| 653 | _aსახელმწიფოსა და სამართლის საფუძვლები | ||
| 700 |
_aКутафина, О.Е. _eრედაქტორი _915407 |
||
| 942 |
_cBK _2udc |
||